Platonic and Archimedean solids - Statistics

General Stats
  • This quiz has been taken 24 times
  • The average score is 14 of 18
Answer Stats
Picture Answer % Correct
Cube
100%
Dodecahedron
100%
Octahedron
100%
Tetrahedron
100%
Icosahedron
93%
Truncated cube
80%
Truncated dodecahedron
80%
Truncated icosahedron
80%
Truncated octahedron
80%
Cuboctahedron
73%
Snub cube
73%
Snub dodecahedron
73%
Truncated tetrahedron
73%
Icosidodecahedron
67%
Rhombicosidodecahedron
67%
Rhombicuboctahedron
67%
Truncated cuboctahedron
67%
Truncated icosidodecahedron
67%
No matching quizzes found
Score Distribution
Percent of People with Each Score
Percentile by Number Answered
Your Score History
You have not taken this quiz